Dodgers Career Pitching Leaders - Statistics

General Stats
  • This quiz has been taken 11 times
  • The average score is 41 of 85
Answer Stats
Statistic Rank Number Player % Correct
Wins 2 223 Clayton Kershaw
100%
Strikeouts 1 3052 Clayton Kershaw
100%
WHIP 2 1.009 Clayton Kershaw
100%
Hits Per 9 IP 3 6.854 Clayton Kershaw
100%
Win-Loss% 5 .699 Clayton Kershaw
100%
Innings Pitched 4 2855.1 Clayton Kershaw
100%
Games Started 3 451 Clayton Kershaw
100%
K/9 4 9.6 Clayton Kershaw
100%
Quality Starts 1 301 Clayton Kershaw
100%
WAR 1 78.1 Clayton Kershaw
100%
Strikeouts 4 2396 Sandy Koufax
100%
Hits Per 9 IP 2 6.792 Sandy Koufax
100%
Shutouts 3 40 Sandy Koufax
100%
WAR 4 53.1 Sandy Koufax
100%
Wins 3 209 Don Drysdale
82%
Losses 2 166 Don Drysdale
82%
Strikeouts 3 2486 Don Drysdale
82%
Games Played 3 518 Don Drysdale
82%
Innings Pitched 2 3432 Don Drysdale
82%
Games Started 2 465 Don Drysdale
82%
Shutouts 2 49 Don Drysdale
82%
WAR 3 61.3 Don Drysdale
82%
Wins 1 233 Don Sutton
82%
Losses 1 181 Don Sutton
82%
Strikeouts 2 2696 Don Sutton
82%
Games Played 2 550 Don Sutton
82%
Innings Pitched 1 3816.1 Don Sutton
82%
Games Started 1 533 Don Sutton
82%
Shutouts 1 52 Don Sutton
82%
WAR 5 50.5 Don Sutton
82%
Quality Starts 3 201 Fernando Valenzuela
73%
Quality Starts 2 209 Orel Hershiser
73%
Saves 2 161 Eric Gagne
64%
Hits Per 9 IP 5 6.981 Eric Gagne
64%
K/9 2 10.3 Eric Gagne
64%
ERA 1 2.3 Zack Greinke
64%
WHIP 3 1.027 Zack Greinke
64%
Win-Loss% 1 .773 Zack Greinke
64%
Saves 1 350 Kenley Jansen
55%
ERA 3 2.37 Kenley Jansen
55%
WHIP 1 0.928 Kenley Jansen
55%
Hits Per 9 IP 1 5.745 Kenley Jansen
55%
Games Played (Pitched) 1 701 Kenley Jansen
55%
K/9 (Strikeouts per 9 IP) 1 13.07 Kenley Jansen
55%
Wins 4 190 Dazzy Vance
36%
Strikeouts 5 1918 Dazzy Vance
36%
Innings Pitched 5 2757.2 Dazzy Vance
36%
Complete Games 3 212 Dazzy Vance
36%
WAR 2 61.9 Dazzy Vance
36%
Holds 5 62 Jonathan Broxton
36%
Games Started 4 335 Claude Osteen
27%
Shutouts 5 34 Claude Osteen
27%
WHIP 5 1.100 Kevin Brown
27%
WHIP 4 1.077 Walker Buehler
27%
K/9 5 9.5 Walker Buehler
27%
Holds 4 68 Blake Treinen
18%
Quality Starts 4 173 Bob Welch
18%
Win-Loss% 4 .706 Julio Urias
18%
Win-Loss% 2 .740 Tony Gonsolin
18%
Holds 2 75 Alex Vesia
9%
Wins 5 177 Brickyard Kennedy
9%
Losses 3 149 Brickyard Kennedy
9%
Innings Pitched 3 2857 Brickyard Kennedy
9%
Games Started 5 332 Brickyard Kennedy
9%
Complete Games 1 279 Brickyard Kennedy
9%
Quality Starts 4 173 Burt Hooton
9%
Saves 5 125 Jim Brewer
9%
Hits Per 9 IP 4 6.898 Jim Brewer
9%
Games Played 4 474 Jim Brewer
9%
K/9 3 9.7 Kenta Maeda
9%
Holds 1 100 Pedro Baez
9%
Win-Loss% 3 .715 Preacher Roe
9%
Losses 4 139 Adonis Terry
0%
Complete Games 2 255 Adonis Terry
0%
Complete Games 4 205 Burleigh Grimes
0%
ERA 2 2.31 Jeff Pfeffer
0%
Saves 3 129 Jeff Shaw
0%
ERA 5 2.45 Larry Cheney
0%
Losses 5 134 Nap Rucker
0%
ERA 4 2.42 Nap Rucker
0%
Complete Games 5 186 Nap Rucker
0%
Shutouts 4 38 Nap Rucker
0%
Holds 3 72 Ronald Belisario
0%
Games Played 5 457 Ron Perranoski
0%
Saves 4 127 Todd Worrell
0%
No matching quizzes found
Score Distribution
Percent of People with Each Score
Percentile by Number Answered
Your Score History
You have not taken this quiz